00497 2200193 4500245006600000020001800066250001100084100002100095700002100116700001800137650001700155005001900172260003100191041001400222084001300236300003400249336000900283338001100292 aShanaou Yoshitsune Genpei War Vol. 29cSawada, HirofumihText a9786023398584 aCet. 1 aSawada, Hirofumi aResita Febrianti aSri Nurhayati aKomik Jepang a20230206075528 aJakartabPT Gramediac2016 aIndonesia a741.5592 a... jil. :bilus. ;c17,5 cm. atext avolume